Algemene Kennisquiz #12 - Statistieken

Algemene statistieken
  • Deze quiz is 2.314 keer genomen
  • De gemiddelde score is 7 van 20
Antwoordstatistieken
Vraag Antwoord % Correct
Welke grote Japanse stad begint met de letter O? Osaka
64%
Hoe heette Istanboel vroeger? Constantinopel
63%
De randen van een kubus zijn allemaal 5 meter lang. Wat is de totale oppervlakte van de kubus? 150 vierkante meter
60%
Uit welk land komt de sauna? Finland
60%
Wie woonde in Camelot? Koning Arthur
55%
Waarvan is de voornaam Lex een afkorting? Alexander
46%
Welke belangrijke oorlog werd van 1950 tot 1953 uitgevochten? Koreaanse Oorlog
43%
Welke Griekse god had een zoon die Triton heette? Poseidon
43%
Waar staan de letters PS voor aan het einde van een brief? Postscriptum
42%
In welke rivier liggen zes ondiepe delen die bekend staan als cataracten? Nijl
38%
Van wat denkt men dat het door Satoshi Nakamoto is uitgevonden in 2008, en destijds voor minder dan 1 cent verhandeld werd? Bitcoin
33%
Wie zou "Laat hen dan cake eten" gezegd hebben? Marie Antoinette
25%
En hoe heette het daarvoor? Byzantium
23%
Welke staat van de VS ligt geografisch het dichtst bij Afrika? Maine
23%
Wie componeerde de "Rit van de Walkuren"? Richard Wagner
18%
Wie speelde Frodo in de filmtrilogie "The Lord of the Rings"? Elijah Wood
16%
Welke beroemde schrijver was het doel van een fatwa die in 1989 door Ayatollah Khomeini uitgeschreven werd? Salman Rushdie
16%
Toen hij geboren werd heette hij Steven Demetre Georgio. Inmiddels heet hij Yusuf Islam. Onder welke naam is hij ook bekend? Cat Stevens
13%
Op welk dier werd gejaagd in het korte verhaal "The most dangerous game"? Mensen
12%
Wat is de hoofdstad van Saskatchewan? Regina
6%
Geen overeenkomende quizzen gevonden
Scoreverdeling
Procent van Mensen met Elke Score
Percentiel versus Aantal Correcte Antwoorden
Uw Scoregeschiedenis
U heeft deze quiz nog niet genomen